000 00334nam a2200133Ia 4500
005 20251222152013.0
008 251222s9999||||xx |||||||||||||| ||spa||
020 _a9788497507752
082 _a636.2/Q63
100 _aQuintela Arias, Luis Ángel
245 0 _aEcografía y reproducción en la vaca
264 _bAdrus
942 _cLIB
999 _c24993
_d24993